000 01288nam a2200385 i 4500
001 5468
003 KOSZ 005
005 20200407102954.0
008 950505s1987 us f |000 0 eng d
040 _cKOSZ 005
_aKOSZ 005
_dKOSZ 005/HR
041 _apol
046 _k1986
080 _a004.42
080 _a(075.9)
100 1 _aMontanus, Charlotte.
_eAutor
245 1 0 _aMultiMate Advantage II :
_bmodule I training guide : revision 1.01 /
_ccontributing editors Charlotte Montanus, Lynn Abbott, Barbara Moore.
260 _aPhoenix :
_bComputerPRED,
_c1987.
300 _a73 s. ;
_c28 cm.
336 _2rdacontent
_aTekst
_btxt
337 _2rdamedia
_aBez urządzenia pośredniczącego
_bn
338 _2rdacarrier
_aWolumin
_bnc
380 _aKsiążki
380 _aPublikacje dydaktyczne
388 _a1901-2000
388 _a1945-1989
650 4 _aMultiMate Advantage.
650 4 _aProgramy komputerowe
658 _aInformatyka i technologie informacyjne
655 4 _aPodręcznik
650 4 _aEdytory tekstu
700 1 _aAbott, Lynn.
_eAutor
700 1 _aMoore, Barbara.
_eAutor
856 _uhttp://koha.tu.koszalin.pl/cgi-bin/koha/opac-detail.pl?biblionumber=5468
_yKatalog online BPK
942 _cKS
_2UKD
999 _c5468
_d5468